000 00574cam a22002052 4500
001 0000006215
005 20151217152014.0
008 070926s xx 000 0 eng d
020 _a812241253X :
_cKES 1,275
040 _aKABU
_cKABU
100 1 _aDeb, N. N.
_@0000157613
245 1 0 _aTelecommunication engineering line communications.
250 _a6th ed.
260 _aNew Delhi :
_bNew Age,
_c2000.
300 _axi 308 p.
650 0 _aTelecommunications.
_@0000157614
908 _a070926
950 _@1
999 _c7229
_d7229